00422nam a2200145Ia 4500003000900000008004100009020001800050040001600068080001700084100001900101245009100120260003000211300001300241650002200254IN-BaIIA211028s9999 xx 000 0 eng d a0-201-45564-1 cIIA Library a530.145bSAK aSakurai, J. J. 0aModern quantum mechanicscJ. J. Sakurai  aUSAbAddison-Wesleyc1994 ax, 500p. aquantum mechanics